Appu's birthday / (Record no. 29921)

MARC details
000 -LEADER
fixed length control field 00923nam a22002657a 4500
005 - DATE AND TIME OF LATEST TRANSACTION
control field 20090903122947.0
008 - FIXED-LENGTH DATA ELEMENTS--GENERAL INFORMATION
fixed length control field 090903t xxu||||| |||| 00| 0 eng d
010 ## - LCCN (DPL NO)
LC control number B-356973
020 ## - INTERNATIONAL STANDARD BOOK NUMBER
International Standard Book Number 9788126419173
Terms of availability 60.00
035 ## - SYSTEM CONTROL NUMBER
System control number B-356973
037 ## - SOURCE OF ACQUISITION
Source of stock number/acquisition DBAD / PUB
040 ## - CATALOGING SOURCE
Original cataloging agency dpl
Language of cataloging English
082 ## - DEWEY DECIMAL CLASSIFICATION NUMBER
Classification number S
100 ## - MAIN ENTRY--PERSONAL NAME
Personal name Nair, Radha
245 ## - TITLE STATEMENT
Title Appu's birthday /
Statement of responsibility, etc by Radha Nair; translated by Sheila Dhir
260 ## - PUBLICATION, DISTRIBUTION, ETC. (IMPRINT)
Place of publication, distribution, etc Kerala
Name of publisher, distributor, etc DC Books
Date of publication, distribution, etc 2008
270 ## - ADDRESS
Address D C Kizhakemuri Edam, Good Shepherd Street, Kottayam,
City Kerala
Postal code 686001
300 ## - PHYSICAL DESCRIPTION
Extent 29p.
Other physical details col. ill.
Dimensions 21cm(pbk)
490 ## - SERIES STATEMENT
Series statement Appu stories
650 ## - SUBJECT ADDED ENTRY--TOPICAL TERM
Topical term or geographic name as entry element Children stories, English
650 ## - SUBJECT ADDED ENTRY--TOPICAL TERM
Topical term or geographic name as entry element Appu (Fictitious character)
700 ## - ADDED ENTRY--PERSONAL NAME
Personal name Dhir, Sheila
942 ## - ADDED ENTRY ELEMENTS (KOHA)
Source of classification or shelving scheme Dewey Decimal Classification
Item type English Books
Classification part S
Call number suffix NAI
Holdings
Withdrawn status Lost status Source of classification or shelving scheme Damaged status Not for loan Collection code Home library Current library Date acquired Source of acquisition Cost, normal purchase price Total Checkouts Full call number Barcode Date last seen Copy number Cost, replacement price Koha item type
    Dewey Decimal Classification     Fiction Janak Puri Janak Puri 03/09/2009 DBAD / PUB 60.00 14 S NAI B-356973 22/03/2014 1 60.00 Children Books

© Delhi Public Library
Hit Counter
free hit counter